[Event "22nd European Teams"]
[Site "Batumi GEO"]
[Date "2019.10.28"]
[Round "5.16"]
[Board "3"]
[White "Lodici, Lorenzo"]
[Black "Schitco, Ivan"]
[Result "0-1"]
[WhiteTitle "IM"]
[BlackTitle "IM"]
[WhiteElo "2469"]
[BlackElo "2492"]
[WhiteTeam "Italy"]
[BlackTeam "Moldova"]
[WhiteFideId "884189"]
[BlackFideId "13905465"]
[EventDate "2019.10.24"]

1. Nf3 d5 2. e3 Nf6 3. c4 e6 4. b3 b6 5. Bb2 Bd6 6. Nc3 a6 7. Qc2 Bb7 8. cxd5
exd5 9. d4 Nbd7 10. Bd3 O-O 11. O-O Qe7 12. Ne2 Ne4 13. Rac1 Rac8 14. Ng3 f5 15.
Qe2 Ra8 16. Rc2 g6 17. Rfc1 c6 18. Rxc6 Bxc6 19. Rxc6 b5 20. a4 bxa4 21. bxa4
Nb8 22. Rc1 Ra7 23. Bb1 Rc7 24. Rxc7 Qxc7 25. Ba2 Nf6 26. Ne5 Nc6 27. Nd3 Qa5
28. Qd1 Rb8 29. Ne2 Qc7 30. Nc3 Ne7 31. Ba1 Bxh2+ 32. Kh1 Bd6 33. g3 Bb4 34.
Nxb4 Rxb4 35. Kg2 Kg7 36. Qf3 Qd6 37. Qd1 Ne4 38. Ne2 Qc6 39. Bb3 g5 40. Bc2 Ng6
41. f3 Nd6 42. Nc3 Kg8 43. e4 fxe4 44. fxe4 dxe4 45. Qg4 e3+ 46. Kh2 Nf7 47. Qf5
e2 48. Nxe2 Nh6 49. Qd3 Ng4+ 50. Kg1 Qf6 51. Qf5 Qxf5 52. Bxf5 Ne3 53. Bc3 Rb6
54. Bd3 Ne7 55. Bd2 N7d5 56. a5 Rc6 57. Nc3 Nxc3 58. Bxe3 h6 59. Kg2 Nd5 60. Bd2
Kf7 61. Kf3 Ke6 62. Ke2 Nf6 63. Bg6 Rd6 64. Kd3 Nd7 65. Bh5 Nc5+ 66. Kc4 Ne4 67.
Bg4+ Kf6 68. Bb4 Rd8 69. d5 Ke5 70. Be6 Nxg3 71. Bc3+ Ke4 72. Bf6 Re8 73. Kc5
Nf5 74. Kc6 Rf8 75. Bc3 Rd8 76. Bb4 g4 77. Be1 h5 78. Kb7 Nd4 79. Kc7 0-1

[Event "22nd European Teams"]
[Site "Batumi GEO"]
[Date "2019.10.28"]
[Round "5.16"]
[Board "4"]
[White "Hamitevici, Vladimir"]
[Black "Sonis, Francesco"]
[Result "1-0"]
[WhiteTitle "GM"]
[BlackTitle "IM"]
[WhiteElo "2472"]
[BlackElo "2475"]
[WhiteTeam "Moldova"]
[BlackTeam "Italy"]
[WhiteFideId "13902393"]
[BlackFideId "895733"]
[EventDate "2019.10.24"]

1. c4 c6 2. Nf3 d5 3. g3 Bg4 4. Qb3 Bxf3 5. Qxf3 Nf6 6. Bg2 e6 7. O-O Bd6 8. Qb3
Qb6 9. cxd5 Qxb3 10. dxc6 Nxc6 11. axb3 Nd4 12. Nc3 O-O 13. Bxb7 Rab8 14. Bg2
Nxb3 15. Rxa7 Nxc1 16. Rxc1 Rxb2 17. Ra2 Rfb8 18. Rxb2 Rxb2 19. d3 g6 20. Bf3
Kg7 21. Nd1 Ra2 22. Kg2 g5 23. h3 h5 24. Rc6 Bf8 25. Ne3 Ra5 26. Rc7 Rc5 27. Ra7
Rc8 28. Ra6 Bc5 29. Nc4 Rc7 30. e3 h4 31. gxh4 gxh4 32. Ne5 Nd7 33. Nc6 Nf8 34.
d4 Bd6 35. d5 Bc5 36. Ra5 Be7 37. Ra4 Bf6 38. Rg4+ Kh6 39. dxe6 fxe6 40. Ra4 Kg7
41. Nd4 Rd7 42. Ne2 Ng6 43. Bg4 Rd6 44. Ra7+ Kh6 45. Rf7 Bg7 46. Ng1 Bh8 47. Ra7
Bf6 48. Bf3 Bg5 49. Be4 Rd2 50. Ra3 Ne5 51. Rc3 Kg7 52. Bf3 Kf6 53. Be2 Bh6 54.
Ra3 Bf8 55. Ra4 Ng6 56. Bh5 Bc5 57. Kf1 Ne7 58. Bg4 Rb2 59. Rf4+ Ke5 60. Nf3+
Kd6 61. Re4 e5 62. Rxe5 Nd5 63. Re6+ Kc7 64. Nxh4 Rb1+ 65. Kg2 Rb2 66. Nf5 Bb4
67. Re5 Nf6 68. Nd4 Bf8 69. Rb5 Rd2 70. Bf3 Bd6 71. Rb7+ Kc8 72. Rf7 Be5 73.
Bb7+ 1-0

[Event "22nd European Teams"]
[Site "Batumi GEO"]
[Date "2019.10.28"]
[Round "5.17"]
[Board "1"]
[White "Dervishi, Erald"]
[Black "Pechac, Jergus"]
[Result "0-1"]
[WhiteTitle "GM"]
[BlackTitle "GM"]
[WhiteElo "2546"]
[BlackElo "2491"]
[WhiteTeam "Albania"]
[BlackTeam "Slovakia"]
[WhiteFideId "4700236"]
[BlackFideId "14926970"]
[EventDate "2019.10.24"]

1. e4 e5 2. Nf3 Nc6 3. Bb5 Nf6 4. d3 Bc5 5. c3 d6 6. Nbd2 O-O 7. O-O Ne7 8. d4
exd4 9. cxd4 Bb6 10. Re1 c6 11. Bd3 Ng6 12. h3 Re8 13. Nf1 Nh5 14. Bg5 f6 15.
Bd2 Nhf4 16. Bc2 c5 17. Qc1 Ne6 18. d5 Nd4 19. Nxd4 cxd4 20. Ng3 Ne5 21. Qd1 Bd7
22. a4 a5 23. b3 Bc5 24. Bb1 g5 25. f4 gxf4 26. Bxf4 Kh8 27. Bd3 Rg8 28. Kh2 Qe7
29. Ra2 Rg6 30. Be2 Rag8 31. Bh5 R6g7 32. Rf1 d3 33. Qa1 Qd8 34. Rd2 Qb6 35.
Bxe5 dxe5 36. Rf3 Be3 37. Rxd3 Bf4 38. Qe1 Rxg3 39. Rxg3 Rxg3 40. Rxg3 Qxb3 41.
Bf3 Qxa4 42. Qc3 Be8 43. Qc7 Qd7 44. d6 f5 45. Qb8 Qf7 46. d7 Qxd7 47. Bh5 Qe7
48. Qxe8+ Qxe8 49. Bxe8 fxe4 50. h4 e3 51. Bb5 a4 52. Kh3 Bxg3 53. Kxg3 a3 54.
Bc4 e4 0-1

[Event "22nd European Teams"]
[Site "Batumi GEO"]
[Date "2019.10.28"]
[Round "5.17"]
[Board "2"]
[White "Ftacnik, Lubomir"]
[Black "Mehmeti, Dritan"]
[Result "1-0"]
[WhiteTitle "GM"]
[BlackTitle "IM"]
[WhiteElo "2520"]
[BlackElo "2359"]
[WhiteTeam "Slovakia"]
[BlackTeam "Albania"]
[WhiteFideId "14900017"]
[BlackFideId "4700600"]
[EventDate "2019.10.24"]

1. Nf3 Nf6 2. c4 e6 3. Nc3 d5 4. d4 c6 5. Bg5 h6 6. Bxf6 Qxf6 7. e3 Nd7 8. Bd3
a6 9. O-O Qd8 10. Rc1 Be7 11. e4 dxc4 12. Bxc4 O-O 13. Bb3 Re8 14. e5 c5 15. d5
exd5 16. Qxd5 Rf8 17. e6 fxe6 18. Qxe6+ Kh8 19. Rcd1 Bf6 20. Rfe1 Bxc3 21. bxc3
Qf6 22. Qxf6 Nxf6 23. Nh4 Kh7 24. Bc2+ Kg8 25. Ng6 Re8 26. Rxe8+ Nxe8 27. Bb3+ 1-0

[Event "22nd European Teams"]
[Site "Batumi GEO"]
[Date "2019.10.28"]
[Round "5.17"]
[Board "3"]
[White "Ashiku, Franc"]
[Black "Jurcik, Marian"]
[Result "1-0"]
[WhiteTitle "FM"]
[BlackTitle "GM"]
[WhiteElo "2424"]
[BlackElo "2486"]
[WhiteTeam "Albania"]
[BlackTeam "Slovakia"]
[WhiteFideId "4700066"]
[BlackFideId "14907518"]
[EventDate "2019.10.24"]

1. c4 e5 2. g3 Nf6 3. Bg2 d5 4. cxd5 Nxd5 5. Nc3 Nb6 6. Nf3 Nc6 7. O-O Be7 8. d3
O-O 9. Be3 Bg4 10. Rc1 Re8 11. Ne4 Nd4 12. Ned2 Nxf3+ 13. Nxf3 Bf8 14. Qc2 c6
15. Bc5 Nd7 16. Bxf8 Nxf8 17. Rfe1 Ne6 18. e3 Bxf3 19. Bxf3 Qd6 20. Red1 Rad8
21. Qc4 Re7 22. b4 g6 23. a4 Red7 24. Rc2 Qe7 25. Rcd2 Ng5 26. Bg2 Qe6 27. Qxe6
Nxe6 28. f4 f6 29. Kf2 exf4 30. gxf4 c5 31. bxc5 Nxc5 32. d4 b6 33. Ke1 Nb3 34.
Rc2 Na5 35. Kf2 f5 36. Rc3 Kg7 37. Rdc1 Kf6 38. h4 h6 39. Bf3 g5 40. hxg5+ hxg5
41. fxg5+ Kxg5 42. Rh1 f4 43. d5 fxe3+ 44. Rxe3 Kf6 45. Re6+ Kf7 46. Rh4 Nb3 47.
Rhh6 Nd4 48. Be4 Kg8 49. Reg6+ Rg7 50. Rf6 Rf7 51. Rh8+ Kxh8 52. Rxf7 a6 53. Rb7
b5 54. Ke3 Nb3 55. axb5 Nc5 56. Rc7 Nxe4 57. Kxe4 axb5 58. Ke5 Kg8 59. d6 Kf8
60. Ke6 Re8+ 61. Kd5 Rb8 62. Kc6 b4 63. d7 Rd8 64. Kd6 Kf7 65. Rc8 1-0

[Event "22nd European Teams"]
[Site "Batumi GEO"]
[Date "2019.10.28"]
[Round "5.17"]
[Board "4"]
[White "Nayhebaver, Martin"]
[Black "Pasko, Llambi"]
[Result "1-0"]
[WhiteTitle "IM"]
[BlackTitle "IM"]
[WhiteElo "2481"]
[BlackElo "2443"]
[WhiteTeam "Slovakia"]
[BlackTeam "Albania"]
[WhiteFideId "14923432"]
[BlackFideId "4701178"]
[EventDate "2019.10.24"]

1. e4 c6 2. d4 d5 3. e5 Bf5 4. Nf3 e6 5. Be2 Nd7 6. O-O h6 7. Nbd2 Ne7 8. Nb3
Bg6 9. a4 Nf5 10. a5 Be7 11. a6 b6 12. c4 dxc4 13. Bxc4 O-O 14. Bd2 Rc8 15. g4
Nh4 16. Nxh4 Bxh4 17. f4 Be4 18. Qe2 Bd5 19. Bxd5 cxd5 20. Bc3 f5 21. Nd2 Be7
22. Kh1 Kh7 23. Rg1 Qe8 24. Rg3 Qf7 25. Rag1 g6 26. Nf1 Rg8 27. Ne3 Nb8 28. Rh3
Nc6 29. Qd3 Rcf8 30. Bd2 Rc8 31. Rhg3 fxg4 32. Rxg4 h5 33. R4g3 Rcf8 34. Rc1 Rc8
35. Rf1 Kh8 36. Rh3 Rcf8 37. Bc3 Rg7 38. Qb5 Qe8 39. Qe2 Rh7 40. Rg3 Rg7 41. Qd3
Qf7 42. Bd2 Rc8 43. Rc1 Rc7 44. Rcg1 Bf8 45. Rxg6 Rxg6 46. Rxg6 Bg7 47. f5 exf5
48. Rg5 Bh6 49. Rxf5 Qh7 50. Nxd5 Nxd4 51. Nxc7 Nxf5 52. Qd8+ Kg7 53. Qd7+ Kg8
54. Qxh7+ Kxh7 55. Bxh6 Kxh6 56. Nb5 Ne7 57. Nxa7 Nd5 58. Nb5 1-0

[Event "22nd European Teams"]
[Site "Batumi GEO"]
[Date "2019.10.28"]
[Round "5.18"]
[Board "1"]
[White "Kulaots, Kaido"]
[Black "Kjartansson, Gudmundur"]
[Result "1-0"]
[WhiteTitle "GM"]
[BlackTitle "IM"]
[WhiteElo "2542"]
[BlackElo "2459"]
[WhiteTeam "Estonia"]
[BlackTeam "Iceland"]
[WhiteFideId "4500261"]
[BlackFideId "2301318"]
[EventDate "2019.10.24"]

1. e4 e5 2. Bc4 Nf6 3. d3 c6 4. Nf3 d5 5. Bb3 a5 6. a4 Bb4+ 7. c3 Bd6 8. exd5
cxd5 9. Bg5 Be6 10. Na3 Nc6 11. Nb5 Bb8 12. O-O h6 13. Bh4 O-O 14. h3 Re8 15.
Re1 g5 16. Bg3 Nd7 17. d4 e4 18. Bxb8 Rxb8 19. Nd2 f5 20. f3 Nf6 21. fxe4 dxe4
22. Bxe6+ Rxe6 23. Qb3 Nd5 24. Rad1 Nce7 25. c4 Nf4 26. d5 Rf6 27. d6 Neg6 28.
c5+ Kh7 29. Nc4 Nh4 30. Ne3 Qd7 31. Nc7 g4 32. Ncd5 Nxd5 33. Nxd5 Rg6 34. Nf4
Rbg8 35. Nxg6 Rxg6 36. Kh1 gxh3 37. Qxh3 Rg4 38. Rd2 Qd8 39. d7 Nxg2 40. Qxg4
fxg4 41. Kxg2 h5 42. Rxe4 Kg7 43. Re8 Qf6 44. d8=Q 1-0

[Event "22nd European Teams"]
[Site "Batumi GEO"]
[Date "2019.10.28"]
[Round "5.18"]
[Board "2"]
[White "Thorfinnsson, Bragi"]
[Black "Volodin, Aleksandr"]
[Result "0-1"]
[WhiteTitle "GM"]
[BlackTitle "GM"]
[WhiteElo "2436"]
[BlackElo "2491"]
[WhiteTeam "Iceland"]
[BlackTeam "Estonia"]
[WhiteFideId "2300958"]
[BlackFideId "4501950"]
[EventDate "2019.10.24"]

1. e4 c5 2. Nf3 e6 3. g3 d5 4. exd5 exd5 5. Bg2 Nf6 6. O-O Be7 7. d4 O-O 8. dxc5
Bxc5 9. Bg5 Nc6 10. Nc3 Be6 11. Bxf6 Qxf6 12. Nxd5 Qxb2 13. Rb1 Qxa2 14. Ng5 Bf5
15. Rxb7 Qxc2 16. Qh5 Bg6 17. Qh4 Nd4 18. Rc7 Rae8 19. Ne3 Rxe3 20. Rxf7 Rxf7
21. Nxf7 Nf3+ 22. Bxf3 Rxf3 23. Qd8+ Bf8 24. Ne5 Rf5 25. f4 Qc5+ 26. Kg2 Qd6 27.
Rd1 Qxd8 28. Rxd8 Rf6 29. Nd7 Rf7 30. Ne5 Re7 31. Kf3 Re8 32. Rd7 a5 33. Ra7 Bb4
34. g4 Bc2 35. h4 a4 36. h5 h6 37. g5 hxg5 38. h6 gxh6 39. Ng4 Bd1+ 0-1

[Event "22nd European Teams"]
[Site "Batumi GEO"]
[Date "2019.10.28"]
[Round "5.18"]
[Board "3"]
[White "Kanep, Meelis"]
[Black "Gretarsson, Helgi Ass"]
[Result "1/2-1/2"]
[WhiteTitle "GM"]
[BlackTitle "GM"]
[WhiteElo "2448"]
[BlackElo "2410"]
[WhiteTeam "Estonia"]
[BlackTeam "Iceland"]
[WhiteFideId "4501047"]
[BlackFideId "2300699"]
[EventDate "2019.10.24"]

1. d4 d6 2. e4 Nf6 3. Nc3 g6 4. f4 Bg7 5. Nf3 O-O 6. a3 Bg4 7. Be3 Nc6 8. d5 Nb8
9. Be2 e6 10. dxe6 Bxe6 11. Nd4 Bd7 12. O-O Re8 13. Bf3 Nc6 14. Qd3 Bg4 15. Nxc6
bxc6 16. e5 Bf5 17. Qd2 Nd5 18. Nxd5 cxd5 19. Bxd5 Rb8 20. c3 dxe5 21. Bxa7 Ra8
22. Be3 Ra6 23. fxe5 Bxe5 24. Bxf7+ Kxf7 25. Qxd8 Rxd8 26. g4 Rb8 27. Ra2 Re8
28. gxf5 Bxh2+ 29. Kxh2 Rxe3 30. fxg6+ Kxg6 31. b4 Rxc3 32. Rg2+ Kh6 33. Rf4 Rg6
34. a4 Rxg2+ 35. Kxg2 Kg5 36. Rd4 Kf5 37. a5 Ke5 38. Rd8 Ra3 39. Ra8 Kd5 40. Rc8
Kc4 41. Rxc7+ Kxb4 42. Rxh7 Rxa5 43. Rh4+ Kc3 1/2-1/2

[Event "22nd European Teams"]
[Site "Batumi GEO"]
[Date "2019.10.28"]
[Round "5.18"]
[Board "4"]
[White "Ragnarsson, Dagur"]
[Black "Seeman, Tarvo"]
[Result "0-1"]
[WhiteTitle "FM"]
[BlackTitle "IM"]
[WhiteElo "2388"]
[BlackElo "2394"]
[WhiteTeam "Iceland"]
[BlackTeam "Estonia"]
[WhiteFideId "2304058"]
[BlackFideId "4500547"]
[EventDate "2019.10.24"]

1. d4 Nf6 2. c4 g6 3. Nc3 Bg7 4. e4 d6 5. Nf3 O-O 6. Be2 e5 7. Be3 Nbd7 8. O-O
Qe7 9. Qc2 c6 10. d5 c5 11. Ne1 Ne8 12. Nd3 f5 13. exf5 gxf5 14. f4 e4 15. Nf2
Ndf6 16. h3 h5 17. g3 Nc7 18. a4 Na6 19. Kh2 Nb4 20. Qd1 Bd7 21. Rg1 Rae8 22.
Qd2 a6 23. Rg2 Qf7 24. a5 Re7 25. Na2 Nd3 26. Nxd3 exd3 27. Bxd3 Rfe8 28. Re1 h4
29. gxh4 Qh5 30. Bf2 Rxe1 31. Bxe1 Ne4 32. Bxe4 fxe4 33. Qc3 Re7 34. Qf6 Rf7 35.
Qxd6 Qf3 36. Bg3 e3 37. Nc1 Bf5 38. Rg1 Kh7 39. Qxc5 Bxb2 40. d6 Bxc1 41. d7 Be4
42. d8=Q Qe2+ 43. Bf2 Qxf2+ 0-1

[Event "22nd European Teams"]
[Site "Batumi GEO"]
[Date "2019.10.28"]
[Round "5.19"]
[Board "1"]
[White "Indjic, Aleksandar"]
[Black "Djukic, Nikola"]
[Result "1/2-1/2"]
[WhiteTitle "GM"]
[BlackTitle "GM"]
[WhiteElo "2638"]
[BlackElo "2517"]
[WhiteTeam "Serbia"]
[BlackTeam "Montenegro"]
[WhiteFideId "911925"]
[BlackFideId "922412"]
[EventDate "2019.10.24"]

1. d4 Nf6 2. c4 g6 3. Nc3 d5 4. Bf4 Bg7 5. e3 O-O 6. cxd5 Nxd5 7. Nxd5 Qxd5 8.
Bxc7 Na6 9. Bxa6 Qxg2 10. Qf3 Qxf3 11. Nxf3 bxa6 12. Rc1 a5 13. Ne5 Bxe5 14.
Bxe5 Be6 15. e4 Rac8 16. Kd2 Bxa2 17. Rxc8 Rxc8 18. Ra1 Bb3 19. Rxa5 f6 20. Bg3
Rc2+ 21. Ke3 Rxb2 22. Rxa7 Kf8 23. Bc7 Ra2 24. Rb7 Ra3 25. Kd2 Bc4 26. Bd8 Rd3+
27. Kc2 Rxd4 28. Bxe7+ Ke8 29. Bxf6 Rxe4 30. Rxh7 Rf4 31. Bh4 Rf7 32. Rh6 Be6
33. Kd2 Bf5 34. Ke3 Rd7 35. f3 Kf7 36. Rh8 Bc2 37. Rc8 Bd1 38. Rc1 Bb3 39. Bg3
Bd5 40. Be5 Ke6 41. Bc7 Rf7 42. f4 Rd7 43. Be5 1/2-1/2

[Event "22nd European Teams"]
[Site "Batumi GEO"]
[Date "2019.10.28"]
[Round "5.19"]
[Board "2"]
[White "Blagojevic, Dragisa"]
[Black "Sedlak, Nikola"]
[Result "0-1"]
[WhiteTitle "GM"]
[BlackTitle "GM"]
[WhiteElo "2500"]
[BlackElo "2557"]
[WhiteTeam "Montenegro"]
[BlackTeam "Serbia"]
[WhiteFideId "900885"]
[BlackFideId "922900"]
[EventDate "2019.10.24"]

1. d4 e6 2. c4 f5 3. g3 Nf6 4. Bg2 d5 5. Nf3 Be7 6. O-O Ne4 7. b3 Nc6 8. Bb2 h5
9. Nbd2 h4 10. e3 hxg3 11. hxg3 Bf6 12. Nxe4 dxe4 13. Ne5 Bxe5 14. dxe5 Qg5 15.
Qe1 Bd7 16. b4 Qh5 17. f4 Qh2+ 18. Kf2 Rh3 19. Rg1 Rxg3 20. Kf1 O-O-O 21. Qf2
Rh8 22. Bc3 Rhh3 23. Bxh3 Qxh3+ 24. Ke2 Rf3 25. Raf1 Rxf2+ 26. Rxf2 b5 27. Rxg7
a5 28. a3 axb4 29. axb4 bxc4 0-1

[Event "22nd European Teams"]
[Site "Batumi GEO"]
[Date "2019.10.28"]
[Round "5.19"]
[Board "3"]
[White "Ivic, Velimir"]
[Black "Draskovic, Luka"]
[Result "1-0"]
[WhiteTitle "IM"]
[BlackTitle "IM"]
[WhiteElo "2525"]
[BlackElo "2460"]
[WhiteTeam "Serbia"]
[BlackTeam "Montenegro"]
[WhiteFideId "950122"]
[BlackFideId "944335"]
[EventDate "2019.10.24"]

1. e4 c5 2. Nf3 e6 3. d4 cxd4 4. Nxd4 Nc6 5. Nc3 Qc7 6. Be3 a6 7. Qd2 Nf6 8. f4
b5 9. e5 b4 10. Ncb5 axb5 11. Nxb5 Qb8 12. exf6 gxf6 13. a4 bxa3 14. bxa3 Ba6
15. Rb1 Bxb5 16. Bxb5 Qd6 17. Qf2 Rxa3 18. Bxc6 dxc6 19. O-O Qc7 20. Bb6 Qc8 21.
Rfd1 Be7 22. Bc5 Ra5 23. Bxe7 Kxe7 24. Qb6 Rd5 25. Rxd5 exd5 26. Qa7+ Kd6 27. c4
Rd8 28. c5+ Ke6 29. Re1+ Kf5 30. Qxf7 1-0

[Event "22nd European Teams"]
[Site "Batumi GEO"]
[Date "2019.10.28"]
[Round "5.19"]
[Board "4"]
[White "Kalezic, Blazo"]
[Black "Radovanovic, Mihajlo"]
[Result "1-0"]
[WhiteTitle "IM"]
[BlackTitle "IM"]
[WhiteElo "2455"]
[BlackElo "2479"]
[WhiteTeam "Montenegro"]
[BlackTeam "Serbia"]
[WhiteFideId "921815"]
[BlackFideId "940313"]
[EventDate "2019.10.24"]

1. e4 c5 2. Nf3 d6 3. d4 cxd4 4. Nxd4 Nf6 5. Nc3 a6 6. Be3 e5 7. Nb3 Be6 8. f3
h5 9. Qd2 Nbd7 10. Nd5 Bxd5 11. exd5 g6 12. Na5 Qc7 13. c4 Bg7 14. Be2 e4 15. f4
Ng4 16. Bxg4 hxg4 17. O-O f5 18. Rab1 Nc5 19. b4 Nd3 20. c5 Rb8 21. Nc4 O-O 22.
Nxd6 Rfd8 23. b5 Nxc5 24. Rfc1 Qxd6 25. Rxc5 a5 26. b6 a4 27. Qc2 g5 28. Qf2
Rbc8 29. Rxc8 Rxc8 30. Rd1 Rc3 31. fxg5 Be5 32. Qxf5 Rxe3 33. Rf1 Kh8 34. g6
Bxh2+ 35. Kh1 1-0

[Event "22nd European Teams"]
[Site "Batumi GEO"]
[Date "2019.10.28"]
[Round "5.20"]
[Board "1"]
[White "Tate, Alan"]
[Black "Saraci, Nderim"]
[Result "1/2-1/2"]
[WhiteTitle "FM"]
[BlackTitle "IM"]
[WhiteElo "2352"]
[BlackElo "2396"]
[WhiteTeam "Scotland"]
[BlackTeam "Kosovo"]
[WhiteFideId "2401878"]
[BlackFideId "6351921"]
[EventDate "2019.10.24"]

1. d4 Nf6 2. c4 c5 3. d5 e6 4. Nc3 exd5 5. cxd5 d6 6. Nf3 Be7 7. e4 O-O 8. Nd2
Re8 9. Be2 Bf8 10. O-O b6 11. f3 Na6 12. Nc4 Nc7 13. a4 Rb8 14. Rb1 Ba6 15. b3
b5 16. axb5 Nxb5 17. Nxb5 Bxb5 18. Ra1 Qc7 19. Bd2 Nd7 20. Ba5 Qb7 21. Bc3 g6
22. Ra5 a6 23. Bd3 Qc7 24. Qa1 Ne5 25. Bxe5 Bxc4 26. Bxc4 Rxe5 27. Rxa6 Bg7 28.
Qa5 Qe7 29. Ra8 Rf8 30. Rxf8+ Qxf8 31. Qc7 Re8 32. g3 Bd4+ 33. Kg2 Ra8 1/2-1/2

[Event "22nd European Teams"]
[Site "Batumi GEO"]
[Date "2019.10.28"]
[Round "5.20"]
[Board "2"]
[White "Makolli, Perparim"]
[Black "Olson, Hamish"]
[Result "1/2-1/2"]
[WhiteTitle "FM"]
[BlackTitle "FM"]
[WhiteElo "2241"]
[BlackElo "2288"]
[WhiteTeam "Kosovo"]
[BlackTeam "Scotland"]
[WhiteFideId "908630"]
[BlackFideId "2404257"]
[EventDate "2019.10.24"]

1. e4 e5 2. Nf3 Nc6 3. Bb5 Nf6 4. d3 Bc5 5. c3 O-O 6. O-O d5 7. exd5 Qxd5 8. Bc4
Qd8 9. b4 Be7 10. h3 e4 11. dxe4 Qxd1 12. Rxd1 Nxe4 13. Re1 Nd6 14. Bd5 Bf6 15.
Bxc6 bxc6 16. Nd4 Bxd4 17. cxd4 Be6 18. Nc3 Nb5 19. Ne2 a5 20. a4 axb4 21. Bd2
Na3 22. Bxb4 Nc2 23. Bxf8 Kxf8 24. Nc3 Ke7 25. Rac1 Nxe1 26. Rxe1 Kd6 27. Rb1 c5
28. Ne4+ Kd5 29. Nxc5 Kxd4 30. Nxe6+ fxe6 31. Rd1+ Ke5 32. Ra1 c5 33. Kf1 c4 34.
Ke2 Kd4 35. Kd2 Ra5 36. f3 Rg5 37. g4 Ra5 38. Kc2 Ke3 39. Kc3 Kxf3 40. Kxc4 e5
41. Ra3+ Ke4 42. Kc3 g6 43. Kd2 Kd4 44. Ke2 Ke4 45. Kf2 Kd4 46. Kf3 g5 47. Ke2
Ke4 48. Re3+ Kd4 49. Ra3 Ke4 50. Re3+ Kd4 51. Ra3 Ke4 52. Re3+ Kd4 53. Kf3 Ra6
54. Ra3 Ra5 55. Ra2 Kd5 56. Ke3 h6 57. Kd3 Ke6 58. Kc4 Kd6 59. Ra1 Ke6 60. Ra2
Kd6 61. Rd2+ Ke6 62. Ra2 1/2-1/2

[Event "22nd European Teams"]
[Site "Batumi GEO"]
[Date "2019.10.28"]
[Round "5.20"]
[Board "3"]
[White "Abdulla, Murad"]
[Black "Uruci, Endrit"]
[Result "1-0"]
[WhiteTitle "FM"]
[WhiteElo "2263"]
[BlackElo "2237"]
[WhiteTeam "Scotland"]
[BlackTeam "Kosovo"]
[WhiteFideId "2403757"]
[BlackFideId "22100199"]
[EventDate "2019.10.24"]

1. e4 c5 2. Nf3 Nc6 3. c3 Nf6 4. e5 Nd5 5. g3 d6 6. exd6 Qxd6 7. Qe2 g6 8. Bg2
Bg7 9. O-O O-O 10. d3 Rd8 11. Na3 Nb6 12. Rd1 Bf5 13. Qe1 e5 14. Ng5 c4 15. Be3
Bxd3 16. Bxb6 axb6 17. Nxc4 Qc5 18. Na3 b5 19. Bf1 Bxf1 20. Qxf1 Qe7 21. Ne4 f5
22. Nd2 b4 23. Nb5 e4 24. Qc4+ Kh8 25. Nf1 bxc3 26. Nxc3 Ne5 27. Qb5 Nd3 28. Ne3
Bd4 29. Ncd5 Qg7 30. a4 Ra6 31. a5 Rad6 32. Ra4 Qe5 33. Nc7 Qg7 34. Ncd5 Bxb2
35. Rb1 h5 36. Rc4 R6d7 37. Nb6 Rf7 38. Nbd5 Bd4 39. a6 bxa6 40. Qxa6 Ne5 41.
Rxd4 Nf3+ 42. Kg2 Nxd4 43. Rb6 Ra7 44. Qc4 Rad7 45. Qa6 Nf3 46. Rxg6 Qe5 47.
Rh6+ Rh7 48. Re6 Qg7 49. Nxf5 Qb2 50. Rh6 Ng5 51. Qg6 Rg8 52. Qxh5 Qe5 53. Nfe7
Qg7 54. Nxg8 e3 55. Rxh7+ Nxh7 56. Ngf6 e2 57. Nxh7 e1=N+ 58. Kf1 Qa1 59. Nhf6+ 1-0

[Event "22nd European Teams"]
[Site "Batumi GEO"]
[Date "2019.10.28"]
[Round "5.20"]
[Board "4"]
[White "Idrizaj, Abedin"]
[Black "Muir, Andrew J"]
[Result "1/2-1/2"]
[BlackTitle "IM"]
[WhiteElo "2231"]
[BlackElo "2271"]
[WhiteTeam "Kosovo"]
[BlackTeam "Scotland"]
[WhiteFideId "4672046"]
[BlackFideId "2400138"]
[EventDate "2019.10.24"]

1. e4 c5 2. Nf3 Nc6 3. Nc3 d6 4. d4 cxd4 5. Nxd4 Nf6 6. f3 e5 7. Nb3 Be7 8. Be3
O-O 9. Qd2 a5 10. Bb5 Be6 11. Rd1 Na7 12. Be2 Nc6 13. Bb5 Na7 14. Be2 Nc6 15.
Bb5 Na7 1/2-1/2

[Event "22nd European Teams"]
[Site "Batumi GEO"]
[Date "2019.10.30"]
[Round "6.2"]
[Board "2"]
[White "Naiditsch, Arkadij"]
[Black "Bluebaum, Matthias"]
[Result "1/2-1/2"]
[WhiteTitle "GM"]
[BlackTitle "GM"]
[WhiteElo "2643"]
[BlackElo "2643"]
[WhiteTeam "Azerbaijan"]
[BlackTeam "Germany"]
[WhiteFideId "4650891"]
[BlackFideId "24651516"]
[EventDate "2019.10.24"]

1. c4 c6 2. b3 d5 3. Bb2 Bf5 4. Nf3 e6 5. g3 Nf6 6. Bg2 h6 7. O-O Be7 8. d3 O-O
9. Nbd2 Nbd7 10. a3 a5 11. Qb1 Qb6 12. Bc3 c5 13. e4 Bh7 14. cxd5 exd5 15. Re1
Rfd8 16. Nh4 Nf8 17. exd5 Nxd5 18. Bxd5 Bxh4 19. Nc4 Qa6 20. Be4 Bf6 21. Bxf6
Qxf6 22. Bxb7 Bxd3 23. Qb2 Qxb2 24. Nxb2 Rab8 25. Nxd3 Rxd3 26. Re7 Ne6 27. Be4
Rdxb3 28. Kg2 Rd8 29. Ra7 Ng5 30. Rd1 Rf8 31. Rd3 c4 32. Rxb3 cxb3 33. Bb1 Rb8
34. Rxa5 Kf8 35. Ra7 Ne6 36. a4 Nd4 37. Rd7 Nc2 38. Bxc2 bxc2 39. Rc7 Ra8 40.
Rxc2 1/2-1/2

[Event "22nd European Teams"]
[Site "Batumi GEO"]
[Date "2019.10.30"]
[Round "6.2"]
[Board "3"]
[White "Fridman, Daniel"]
[Black "Mamedov, Rauf"]
[Result "1-0"]
[WhiteTitle "GM"]
[BlackTitle "GM"]
[WhiteElo "2637"]
[BlackElo "2645"]
[WhiteTeam "Germany"]
[BlackTeam "Azerbaijan"]
[WhiteFideId "11600454"]
[BlackFideId "13401653"]
[EventDate "2019.10.24"]

1. d4 d5 2. c4 c6 3. cxd5 cxd5 4. Nc3 Nc6 5. Nf3 Nf6 6. Bf4 Bf5 7. e3 e6 8. Be2
Bb4 9. O-O O-O 10. Rc1 Rc8 11. Bg5 h6 12. Bxf6 Qxf6 13. Na4 Bd6 14. Nc5 Qe7 15.
a3 e5 16. Na4 exd4 17. Nxd4 Nxd4 18. Qxd4 Be5 19. Qxd5 Be4 20. Qa5 b6 21. Qb4
Bd6 22. Qb5 Qh4 23. h3 Qe7 24. Bg4 a6 25. Qe2 Rcd8 26. Rfd1 Qe5 27. f4 Qe7 28.
Nxb6 Qb7 29. Nc4 Bc5 30. b4 Ba7 31. Kh2 Qe7 32. Ne5 Bb8 33. Qc4 Ba8 34. Rxd8
Rxd8 35. Rd1 Rxd1 36. Bxd1 Bb7 37. Qd4 g5 38. Bb3 gxf4 39. exf4 Qf6 40. Bxf7+
Kg7 41. Bh5 Bd6 42. Kg3 Kh7 43. Bf3 1-0